Statistieken voor beste speler van verschillende clubs/landen

Klik hier om de quiz te nemen!

Algemene statistieken

  • Deze quiz is 30 keer genomen
  • De gemiddelde score is 6 van 15

Antwoordstatistieken

HintAntwoord% Correct
francembappe
100%
belgiëde bruyne
75%
liverpoolsalah
65%
man utdrashford
60%
spainpedri
55%
netherlandsdepay
50%
swedenibrahimovic
45%
barcalewandowski
40%
italydonnarumma
35%
inter
milan
martinez
30%
real
madrid
bellingham
20%
portugalCR7
15%
bayern
munchen
mane
15%
ac milanrafael leao
5%
brazilievincius jr
0%

Scoreverdeling

Percentiel versus Aantal Correcte Antwoorden

Procent van Mensen met Elke Score

Uw Scoregeschiedenis

U heeft deze quiz nog niet genomen